| 000 | 00340cam a22001097a 4500 | ||
|---|---|---|---|
| 008 | 180718b1953 xxu||||| |||| 00| 0 eng d | ||
| 082 | _aL1x5453 T697m | ||
| 245 |
_aThe Travacore-Cochin budget manual _cby Finance Department, Kerala |
||
| 260 |
_aTrivandrum _bFinance Department _c1953 |
||
| 300 | _a192+p. | ||
| 700 | _aKerala. Finance Department | ||
| 999 |
_c429733 _d429733 |
||